[Event "ZMDI-Open 2013"]
[Site "Dresden"]
[Date "2013.08.13"]
[Round "4"]
[White "Herbrig, M."]
[Black "Kühnast, V."]
[Result "0-1"]
[WhiteElo "1687"]
[BlackElo "1936"]
[PlyCount "88"]
[EventDate "2013.??.??"]

1. d4 g6 2. e4 Bg7 3. Nc3 d6 4. Be3 a6 5. f4 b5 6. Bd3 Nd7 7. Nf3 Ndf6 8. Qd2
Bb7 9. a3 e6 10. e5 Ng4 11. Bg1 Bxf3 12. gxf3 Qh4+ 13. Kd1 N4h6 14. Ne4 Nf5 15.
a4 b4 16. a5 Nge7 17. Qxb4 Qxf4 18. Qa4+ c6 19. Ke2 O-O 20. Nf6+ Bxf6 21. exf6
Nd5 22. Qxc6 Nxd4+ 23. Bxd4 Qxd4 24. Rhf1 Rfc8 25. Qb7 Nf4+ 26. Kd2 Nxd3 27.
cxd3 Rcb8 28. Qe4 Qxb2+ 29. Ke3 Qxf6 30. Rfc1 d5 31. Qf4 Qe7 32. Rc7 Qe8 33.
Qf6 Qf8 34. Ra4 Rc8 35. Re7 Qg7 36. Qg5 Re8 37. Rd7 Qb2 38. Rf4 Rf8 39. d4 Rac8
40. Rg4 Rc3+ 41. Kf4 Qd2+ 42. Kg3 Qe1+ 43. Kf4 Qe3+ 44. Kg3 Qxf3+ 0-1

[Event "ZMDI-Open 2013"]
[Site "Dresden"]
[Date "2013.08.13"]
[Round "4"]
[White "Schnoor, F."]
[Black "Siegl, D."]
[Result "0-1"]
[WhiteElo "1748"]
[BlackElo "1888"]
[PlyCount "64"]
[EventDate "2013.??.??"]

1. d4 Nf6 2. c4 e6 3. Nf3 b6 4. g3 Ba6 5. b3 Bb4+ 6. Bd2 Be7 7. Bg2 c6 8. Bc3
O-O 9. O-O d5 10. Ne5 Qc7 11. Nd2 Nbd7 12. e4 Rad8 13. Nxd7 Nxd7 14. e5 c5 15.
cxd5 exd5 16. Re1 Bb7 17. Rc1 Qb8 18. Nf1 Rfe8 19. f4 cxd4 20. Bxd4 Bc5 21. Ne3
Qa8 22. Bh3 Bxd4 23. Qxd4 Nc5 24. f5 Qb8 25. Ng4 Ne4 26. f6 h5 27. Nh6+ gxh6
28. Rxe4 dxe4 29. Qe3 Qxe5 30. Qxh6 Qd4+ 31. Kf1 Ba6+ 32. Ke1 Qg1+ 0-1

[Event "ZMDI-Open 2013"]
[Site "Dresden"]
[Date "2013.08.13"]
[Round "4"]
[White "Zienert, R."]
[Black "Udet, F."]
[Result "1-0"]
[WhiteElo "1845"]
[BlackElo "1711"]
[PlyCount "75"]
[EventDate "2013.??.??"]

1. e4 c5 2. Nf3 e6 3. d4 cxd4 4. Nxd4 Bc5 5. Nb3 Bb6 6. Nc3 Ne7 7. Bf4 O-O 8.
Bd6 f5 9. e5 Nbc6 10. Qd2 a6 11. O-O-O Rf7 12. f4 Ng6 13. Be2 Ba7 14. Bh5 Nce7
15. h4 Bb8 16. Bxb8 Rxb8 17. Nc5 Rf8 18. Nxe6 Qa5 19. Nxf8 Nxf8 20. Qd6 Nc6 21.
Bf3 Ra8 22. Nd5 Ne6 23. Ne7+ Nxe7 24. Qxe7 h6 25. Bd5 Kh7 26. Qf7 d6 27. Qxf5+
Kh8 28. Bxe6 Bxe6 29. Qxe6 dxe5 30. Rd5 Qa4 31. fxe5 Qe4 32. Rhd1 Qxh4 33. Qh3
Qg5+ 34. Kb1 Re8 35. e6 Qf6 36. Rf5 Qg6 37. Re1 Kh7 38. e7 1-0

[Event "ZMDI-Open 2013"]
[Site "Dresden"]
[Date "2013.08.13"]
[Round "4"]
[White "Schott, V."]
[Black "Bolshakov, K."]
[Result "1-0"]
[WhiteElo "1808"]
[BlackElo "1681"]
[PlyCount "113"]
[EventDate "2013.??.??"]

1. e4 e5 2. Nf3 Nc6 3. Bb5 a6 4. Ba4 Nf6 5. d3 b5 6. Bb3 Bc5 7. Bg5 d6 8. h3
Be6 9. Nc3 h6 10. Bh4 O-O 11. O-O Nd4 12. Nd5 Bxd5 13. Bxd5 c6 14. Bb3 Nxb3 15.
axb3 Qe7 16. c3 Qe6 17. b4 Bb6 18. Ra3 Ra7 19. Qc2 d5 20. Bxf6 Qxf6 21. exd5
cxd5 22. Re1 Re8 23. b3 Ree7 24. c4 e4 25. dxe4 dxe4 26. Nh2 Bd4 27. Ng4 Qf4
28. Ne3 Re6 29. Ra2 g5 30. Qd1 Bxe3 31. Rxe3 Rd6 32. Rd2 Rad7 33. Rxd6 Rxd6 34.
Qe2 bxc4 35. bxc4 f5 36. c5 Rd4 37. g3 Qb8 38. Qxa6 f4 39. Qe6+ Kh7 40. Qf7+
Kh8 41. Qf6+ Kh7 42. Qxd4 fxe3 43. Qxe4+ Kg7 44. Qxe3 Qxb4 45. Qe7+ Kg6 46. Kg2
h5 47. Qe6+ Kg7 48. c6 g4 49. hxg4 hxg4 50. Qd5 Qb6 51. Qc4 Kf6 52. Qf4+ Ke7
53. Qe5+ Kd8 54. Qd6+ Ke8 55. Qd7+ Kf8 56. c7 Qb7+ 57. Kh2 1-0

[Event "ZMDI-Open 2013"]
[Site "Dresden"]
[Date "2013.08.13"]
[Round "4"]
[White "Thuma, H."]
[Black "Schneider, M."]
[Result "0-1"]
[WhiteElo "1774"]
[BlackElo "1700"]
[PlyCount "84"]
[EventDate "2013.??.??"]

1. e4 g6 2. d4 Bg7 3. Nf3 d6 4. Be3 Bg4 5. Nc3 Nc6 6. Be2 e6 7. h3 Bxf3 8. Bxf3
Nge7 9. Qd2 O-O 10. O-O-O d5 11. g4 dxe4 12. Bxe4 Nd5 13. Nxd5 exd5 14. Bg2 f5
15. Bh6 Bxh6 16. Qxh6 f4 17. h4 f3 18. Bf1 Qf6 19. c3 Qf4+ 20. Qxf4 Rxf4 21.
Bh3 Re8 22. Rde1 Re2 23. Rhf1 Na5 24. g5 Kf7 25. Bd7 Nc4 26. Bb5 Rxe1+ 27. Rxe1
Nd6 28. Bd3 Ne4 29. Bxe4 dxe4 30. Rh1 Rg4 31. Kd2 Ke6 32. c4 a6 33. b4 b5 34.
Kc3 Rg2 35. Re1 Kf5 36. Rf1 Kf4 37. c5 e3 38. fxe3+ Kxe3 39. d5 Ke2 40. d6 cxd6
41. c6 Kxf1 42. c7 Rg4 0-1

[Event "ZMDI-Open 2013"]
[Site "Dresden"]
[Date "2013.08.13"]
[Round "4"]
[White "Bregenzer, M."]
[Black "Schlegel, K."]
[Result "1/2-1/2"]
[WhiteElo "1740"]
[BlackElo "1749"]
[PlyCount "71"]
[EventDate "2013.??.??"]

1. e4 c5 2. Nc3 a6 3. g3 d6 4. Bg2 e6 5. d3 Nc6 6. f4 Nge7 7. Nf3 g6 8. Be3 Bg7
9. Rb1 b5 10. Qd2 Nd4 11. O-O Bd7 12. Ne2 Nec6 13. c3 Nxf3+ 14. Bxf3 Rc8 15.
Kh1 b4 16. g4 f5 17. exf5 exf5 18. gxf5 Bxf5 19. Ng3 bxc3 20. bxc3 O-O 21. Nxf5
gxf5 22. Rb7 Na5 23. Bd5+ Kh8 24. Rxg7 Kxg7 25. Rg1+ Kh8 26. c4 Nc6 27. Qb2+
Qf6 28. Qb7 Nb4 29. Bf3 Rg8 30. Rd1 Qg7 31. Qb6 Qc7 32. Bd4+ cxd4 33. Qxb4 Qc5
34. Qe1 Rce8 35. Qh4 Re3 36. Qf6+ 1/2-1/2

[Event "ZMDI-Open 2013"]
[Site "Dresden"]
[Date "2013.08.13"]
[Round "4"]
[White "Priese, A."]
[Black "Altstadt, K."]
[Result "0-1"]
[WhiteElo "1678"]
[BlackElo "1815"]
[PlyCount "42"]
[EventDate "2013.??.??"]

1. e4 c5 2. Nf3 d6 3. d4 cxd4 4. Nxd4 Nf6 5. Nc3 a6 6. f3 e6 7. Be3 Nbd7 8. Qd2
Qc7 9. g4 h6 10. O-O-O b5 11. h4 b4 12. Na4 d5 13. exd5 Nxd5 14. Bg1 Qa5 15. b3
Nc3 16. Nc6 Qc7 17. Nxc3 bxc3 18. Qxc3 Bb7 19. Bg2 Qxc6 20. Qd2 Qd5 21. Qc3
Ba3+ 0-1

[Event "ZMDI-Open 2013"]
[Site "Dresden"]
[Date "2013.08.13"]
[Round "4"]
[White "Leimeister, W."]
[Black "Niemann, S."]
[Result "1-0"]
[WhiteElo "1920"]
[BlackElo "1760"]
[PlyCount "87"]
[EventDate "2013.??.??"]

1. d3 c5 2. Nf3 Nc6 3. Nbd2 Nf6 4. e4 d6 5. c3 g6 6. g3 Bg7 7. Bg2 O-O 8. O-O
Nh5 9. Re1 e5 10. Nf1 Qc7 11. Ne3 Ne7 12. Nh4 Be6 13. Ng4 Bxg4 14. Qxg4 Qc8 15.
Qe2 Qd7 16. f4 exf4 17. gxf4 Rae8 18. Be3 Bf6 19. Nf3 Qg4 20. Nd2 Qh4 21. Rf1
b6 22. Nc4 Nc8 23. Qf3 Bg7 24. Bf2 Qxf4 25. Qh3 Qg5 26. Bh4 Qh6 27. Ne3 Nf4 28.
Rxf4 Qxf4 29. Rf1 Qe5 30. Ng4 Qe6 31. Bf6 h5 32. Bxg7 Kxg7 33. Nf6 Re7 34. Qg3
Qe5 35. Qf2 Qg5 36. Kh1 b5 37. h4 Qe5 38. Nd5 Rb7 39. Bh3 Nb6 40. Nf6 Rc8 41.
d4 Qe7 42. Nxh5+ gxh5 43. Rg1+ Kh8 44. Qf4 1-0

[Event "ZMDI-Open 2013"]
[Site "Dresden"]
[Date "2013.08.13"]
[Round "4"]
[White "Neffe, G."]
[Black "Renger, N."]
[Result "0-1"]
[WhiteElo "1634"]
[BlackElo "1667"]
[PlyCount "66"]
[EventDate "2013.??.??"]

1. Nf3 d5 2. c4 e6 3. e3 Nf6 4. cxd5 exd5 5. g3 Bd6 6. Bg2 O-O 7. Nc3 c6 8. O-O
Bf5 9. Ne1 Nbd7 10. d4 Re8 11. a3 Nb6 12. b3 Ne4 13. Bb2 Qe7 14. Nd3 Nxc3 15.
Bxc3 Bxa3 16. b4 Bxd3 17. Rxa3 Bxf1 18. Bxf1 Nc4 19. Bxc4 dxc4 20. Qa1 b5 21.
d5 f6 22. dxc6 Qc7 23. Ra6 Re6 24. Qd1 Rd6 25. Qf3 Rad8 26. Bd4 Qc8 27. Rxa7
Qxc6 28. Qg4 R6d7 29. Rxd7 Rxd7 30. f3 Rd8 31. h4 c3 32. Bxf6 Qxf6 33. Qe4 Qg6
0-1

[Event "ZMDI-Open 2013"]
[Site "Dresden"]
[Date "2013.08.13"]
[Round "4"]
[White "Reiche, N."]
[Black "Schamschurko, A."]
[Result "1/2-1/2"]
[WhiteElo "1767"]
[BlackElo "1703"]
[PlyCount "65"]
[EventDate "2013.??.??"]

1. e4 e6 2. d4 d5 3. e5 c5 4. c3 Qb6 5. Nf3 Bd7 6. Be2 Bb5 7. dxc5 Bxc5 8. b4
Bxf2+ 9. Kf1 Bd7 10. Qd3 Na6 11. g3 Nc7 12. a4 a5 13. Kg2 Nh6 14. Bxh6 gxh6 15.
Rf1 Be3 16. Ra3 Bg5 17. Nxg5 hxg5 18. Bh5 O-O-O 19. bxa5 Qxa5 20. Nd2 Bb5 21.
axb5 Qxa3 22. b6 Na6 23. Bxf7 Qe7 24. Rf6 Nc5 25. Qb5 Rhf8 26. Qa5 Rxf7 27.
Rxf7 Qxf7 28. Qxc5+ Kd7 29. Nf3 h6 30. Nd4 Ke8 31. Nb5 Qe7 32. Nd6+ Kf8 33. Qc7
1/2-1/2

[Event "ZMDI-Open 2013"]
[Site "Dresden"]
[Date "2013.08.13"]
[Round "4"]
[White "Wiewesiek, T."]
[Black "Vorobiov, I."]
[Result "1-0"]
[WhiteElo "1704"]
[BlackElo "1774"]
[PlyCount "105"]
[EventDate "2013.??.??"]

1. e4 e6 2. d4 d5 3. exd5 exd5 4. Nc3 Nf6 5. Bd3 c5 6. dxc5 Bxc5 7. Bf4 O-O 8.
Nge2 Nc6 9. O-O Nb4 10. Ng3 Nxd3 11. Qxd3 h6 12. Rad1 Be6 13. Be5 Nd7 14. Rfe1
Qg5 15. Bd4 Bxd4 16. Qxd4 Nb6 17. b3 Qg6 18. Rd2 Rfd8 19. Nge2 Rd6 20. Nf4 Qh7
21. Rde2 Rad8 22. h3 Qf5 23. a4 Nc8 24. Nd3 b6 25. Ne5 Ne7 26. Nb5 Nc6 27. Qe3
Nxe5 28. Qxe5 Qxe5 29. Rxe5 R6d7 30. Nd4 Rc8 31. Kf1 Rd6 32. Ke2 Re8 33. Kd2
Kh7 34. f4 g6 35. g4 Rdd8 36. Nxe6 fxe6 37. Rxe6 Rf8 38. Re7+ Kg8 39. R1e6 Rxf4
40. Rxg6+ Kf8 41. Rxa7 Rf2+ 42. Kd3 Rf3+ 43. Kd4 Rxh3 44. Rxb6 Rh4 45. Rf6+ Ke8
46. Rg6 Kf8 47. Rc7 h5 48. Rh7 Rxg4+ 49. Rxg4 hxg4 50. Rh8+ Ke7 51. Rxd8 Kxd8
52. Ke3 Kc7 53. Kf4 1-0

[Event "ZMDI-Open 2013"]
[Site "Dresden"]
[Date "2013.08.13"]
[Round "4"]
[White "Frommelt, R."]
[Black "Wiessner, J."]
[Result "1/2-1/2"]
[WhiteElo "1765"]
[BlackElo "1861"]
[PlyCount "31"]
[EventDate "2013.??.??"]

1. Nf3 Nf6 2. c4 e6 3. g3 d5 4. b3 a5 5. Bb2 Nc6 6. Bg2 d4 7. O-O e5 8. e3 Be7
9. exd4 exd4 10. a3 O-O 11. d3 h6 12. Nbd2 Bf5 13. Qc2 Bc5 14. Rfe1 Qd6 15. Nh4
Bh7 16. Ne4 1/2-1/2

[Event "ZMDI-Open 2013"]
[Site "Dresden"]
[Date "2013.08.13"]
[Round "4"]
[White "Reinisch, J."]
[Black "von Koslowski, U."]
[Result "1/2-1/2"]
[WhiteElo "1645"]
[BlackElo "1749"]
[PlyCount "70"]
[EventDate "2013.??.??"]

1. c4 c5 2. Nc3 g6 3. Nf3 Bg7 4. e3 Nf6 5. d4 O-O 6. dxc5 Na6 7. Be2 Nxc5 8.
O-O d6 9. Bd2 Qb6 10. b3 Bd7 11. Rc1 a5 12. Nd4 Nce4 13. Nxe4 Nxe4 14. Be1 f5
15. f3 Nc5 16. Qd2 f4 17. Bf2 e5 18. Nb5 Bxb5 19. cxb5 Kh8 20. e4 Rf6 21. Qd5
Qd8 22. Bh4 Qb6 23. Kh1 Rff8 24. Be7 Rfe8 25. Qxd6 Qxd6 26. Bxd6 Ne6 27. Rfd1
Nd4 28. Bf1 Rac8 29. Ba3 Bf8 30. Rxc8 Rxc8 31. Rc1 Rxc1 32. Bxc1 b6 33. Bd3 Kg7
34. Bb2 Bc5 35. Bxd4 Bxd4 1/2-1/2

[Event "ZMDI-Open 2013"]
[Site "Dresden"]
[Date "2013.08.13"]
[Round "4"]
[White "Mishin, F."]
[Black "Wunderlich, M."]
[Result "1/2-1/2"]
[WhiteElo "1801"]
[BlackElo "1785"]
[PlyCount "80"]
[EventDate "2013.??.??"]

1. d4 g6 2. c4 Bg7 3. Nc3 c5 4. d5 d6 5. e4 Nf6 6. Bd3 O-O 7. Nge2 e6 8. O-O
exd5 9. Nxd5 h6 10. Bd2 Re8 11. Qc2 Nbd7 12. f4 Nxd5 13. exd5 f5 14. Rae1 Nf6
15. Nc3 Bd7 16. Rxe8+ Qxe8 17. Re1 Qf7 18. h3 h5 19. Qb3 b6 20. Nb5 Bxb5 21.
Qxb5 Re8 22. Rxe8+ Qxe8 23. Qxe8+ Nxe8 24. b4 Bd4+ 25. Kf1 a6 26. a4 cxb4 27.
Bxb4 a5 28. Ba3 Kf7 29. Ke2 Ke7 30. Bc1 Nf6 31. Kf3 Bc5 32. Bb2 Bb4 33. g3 Kf7
34. Ke2 Nd7 35. g4 hxg4 36. hxg4 fxg4 37. Kf2 Nf6 38. Bxf6 Kxf6 39. Kg3 Bc5 40.
Kxg4 Bb4 1/2-1/2

[Event "ZMDI-Open 2013"]
[Site "Dresden"]
[Date "2013.08.13"]
[Round "4"]
[White "Koch, R."]
[Black "Zalewski, U."]
[Result "1/2-1/2"]
[WhiteElo "1718"]
[BlackElo "1805"]
[PlyCount "21"]
[EventDate "2013.??.??"]

1. e4 e5 2. Nf3 Nf6 3. Bc4 Nxe4 4. Nc3 Nxc3 5. dxc3 f6 6. O-O d6 7. Nh4 g6 8.
f4 Qe7 9. f5 Qg7 10. Qf3 Be7 11. g4 1/2-1/2

[Event "ZMDI-Open 2013"]
[Site "Dresden"]
[Date "2013.08.13"]
[Round "4"]
[White "Bisse, V."]
[Black "Beyer, M."]
[Result "1/2-1/2"]
[WhiteElo "1967"]
[BlackElo "1560"]
[PlyCount "44"]
[EventDate "2013.??.??"]

1. e4 e5 2. Nc3 Nf6 3. Bc4 Bc5 4. d3 d6 5. f4 Ng4 6. f5 h5 7. Na4 Bxg1 8. Rxg1
Qh4+ 9. Kd2 Qf2+ 10. Kc3 Qd4+ 11. Kb3 Nc6 12. c3 Qf2 13. h3 Ne3 14. Bxe3 Qxe3
15. Bb5 Bd7 16. Qf3 Qg5 17. Bxc6 Bxc6 18. c4 Bxa4+ 19. Kxa4 Qd2 20. Qd1 Qxb2
21. Qb3 Qxb3+ 22. axb3 a6 1/2-1/2

[Event "ZMDI-Open 2013"]
[Site "Dresden"]
[Date "2013.08.13"]
[Round "4"]
[White "Zilch, L."]
[Black "Lindner, M."]
[Result "1-0"]
[WhiteElo "1911"]
[BlackElo "1548"]
[PlyCount "82"]
[EventDate "2013.??.??"]

1. c4 e5 2. Nc3 Nf6 3. Nf3 Nc6 4. e4 Bc5 5. Nxe5 Bxf2+ 6. Kxf2 Nxe5 7. d4 Neg4+
8. Kg1 d6 9. h3 Nh6 10. Bg5 Nhg8 11. Be2 h6 12. Bh4 g5 13. Bg3 Be6 14. d5 Bd7
15. Qd4 Qe7 16. Rf1 c5 17. dxc6 Bxc6 18. Bxd6 Qe6 19. Bg4 Nxg4 20. Qxh8 O-O-O
21. hxg4 Qxd6 22. Rd1 Qc5+ 23. Kh2 Re8 24. Qd4 Qe5+ 25. Qxe5 Rxe5 26. Rhf1 f6
27. Rd2 Re6 28. Rfd1 Ne7 29. Rd6 Rxd6 30. Rxd6 Ng8 31. Nd5 Bxd5 32. exd5 Kc7
33. Re6 Kd7 34. Kg3 Kd8 35. Kf3 Kd7 36. Ke4 b6 37. Kf5 Ne7+ 38. Kxf6 Nc8 39.
Kg6 b5 40. b3 bxc4 41. bxc4 Nb6 1-0

[Event "ZMDI-Open 2013"]
[Site "Dresden"]
[Date "2013.08.13"]
[Round "4"]
[White "Heber, M."]
[Black "Völler, L."]
[Result "1/2-1/2"]
[WhiteElo "1634"]
[BlackElo "1679"]
[PlyCount "101"]
[EventDate "2013.??.??"]

1. e4 g6 2. d4 d6 3. Be3 Bg7 4. Nc3 Nf6 5. Qd2 Ng4 6. Bg5 h6 7. Bh4 g5 8. Bg3
e5 9. d5 O-O 10. f3 Nf6 11. O-O-O Nh5 12. Bc4 f5 13. Kb1 a6 14. Nge2 b5 15. Bb3
b4 16. Na4 a5 17. h4 f4 18. hxg5 Qxg5 19. Bh4 Qg6 20. Rdg1 Ng3 21. Bxg3 fxg3
22. Qe1 Nd7 23. Nxg3 Nb6 24. Nh5 Bd7 25. Nxb6 cxb6 26. Nxg7 Kxg7 27. c4 bxc3
28. Qxc3 Rac8 29. Qe3 Rc5 30. a3 Qg5 31. Qxg5+ hxg5 32. Rh5 Kf6 33. Rh6+ Ke7
34. Rh7+ Kd8 35. Rgh1 g4 36. Rh8 Rxh8 37. Rxh8+ Kc7 38. fxg4 Bxg4 39. Bc2 b5
40. Rg8 Be2 41. g4 b4 42. axb4 axb4 43. b3 Rc3 44. g5 Rg3 45. Kc1 Kb6 46. g6
Kc5 47. g7 Kd4 48. Rd8 Rxg7 49. Rxd6 Rb7 50. Kd2 Bb5 51. Rh6 1/2-1/2

[Event "ZMDI-Open 2013"]
[Site "Dresden"]
[Date "2013.08.13"]
[Round "4"]
[White "Kretschmer, W."]
[Black "Möller, P."]
[Result "1-0"]
[WhiteElo "1597"]
[BlackElo "1678"]
[PlyCount "61"]
[EventDate "2013.??.??"]

1. d4 Nf6 2. c4 e6 3. Nc3 d5 4. Nf3 Be7 5. e3 c6 6. Bd3 Nbd7 7. O-O O-O 8. Qe2
Re8 9. e4 dxe4 10. Nxe4 Nxe4 11. Bxe4 Bf6 12. Bf4 e5 13. dxe5 Nxe5 14. Bxe5
Bxe5 15. Nxe5 f6 16. Nxc6 bxc6 17. Qc2 Re5 18. Bxc6 Rb8 19. Rfd1 Qb6 20. Rd6
Kh8 21. Rad1 Bb7 22. c5 Qa5 23. b4 Qc7 24. Bxb7 Qxb7 25. a3 Qe7 26. g3 Re2 27.
Qd3 Re1+ 28. Rxe1 Qxe1+ 29. Kg2 Qe8 30. c6 Kg8 31. c7 1-0

[Event "ZMDI-Open 2013"]
[Site "Dresden"]
[Date "2013.08.13"]
[Round "4"]
[White "Gabriel, W."]
[Black "Hilbig, K."]
[Result "1-0"]
[WhiteElo "1733"]
[BlackElo "1759"]
[PlyCount "137"]
[EventDate "2013.??.??"]

1. e4 e6 2. d4 d5 3. e5 c5 4. c3 Nc6 5. Nf3 Qb6 6. a3 c4 7. Be2 Bd7 8. O-O f6
9. Re1 Be7 10. Bf1 O-O-O 11. Nbd2 fxe5 12. Nxe5 Nxe5 13. Rxe5 Bd6 14. Re1 Nh6
15. Rb1 Qc7 16. h3 Rde8 17. Nf3 Nf7 18. Be3 e5 19. dxe5 Nxe5 20. Qxd5 Bc6 21.
Qd1 Nxf3+ 22. gxf3 Rd8 23. Qc2 g6 24. Bg2 Rhf8 25. Qe2 Qf7 26. Rbd1 b6 27. Rd4
b5 28. Red1 Bc7 29. R4d2 a6 30. f4 Rxd2 31. Rxd2 Bxg2 32. Qg4+ Qf5 33. Kxg2
Qxg4+ 34. hxg4 Bxf4 35. Bxf4 Rxf4 36. f3 Kc7 37. Re2 Rf7 38. Rd2 Kb6 39. Kf2
Ka5 40. Ke2 h5 41. gxh5 gxh5 42. Kf2 h4 43. Kg2 Ka4 44. Rf2 Rf4 45. Kf1 h3 46.
Kg1 a5 47. Kh2 Rh4 48. f4 b4 49. axb4 axb4 50. cxb4 Kxb4 51. f5 Kc5 52. f6 Rh8
53. f7 Rf8 54. Kxh3 Kd6 55. Kg4 Ke7 56. Kg5 Rxf7 57. Rxf7+ Kxf7 58. Kf5 Ke7 59.
Ke5 Kd7 60. Kd5 Kc7 61. Kxc4 Kc8 62. Kc5 Kb8 63. Kb5 Kb7 64. b4 Kc8 65. Ka6 Kb8
66. b5 Ka8 67. b6 Kb8 68. b7 Kc7 69. Ka7 1-0

[Event "ZMDI-Open 2013"]
[Site "Dresden"]
[Date "2013.08.13"]
[Round "4"]
[White "Helbig, C."]
[Black "Böhme-Ziska, C."]
[Result "1-0"]
[WhiteElo "1786"]
[BlackElo "1747"]
[PlyCount "79"]
[EventDate "2013.??.??"]

1. Nf3 d5 2. c4 dxc4 3. e3 Bf5 4. Bxc4 e6 5. O-O Nf6 6. b3 Bd6 7. Bb2 Nbd7 8.
Nc3 O-O 9. d4 c6 10. a4 Bg4 11. h3 Bh5 12. g4 Bg6 13. Nh4 e5 14. Nxg6 hxg6 15.
dxe5 Nxe5 16. Be2 Qe7 17. g5 Ne8 18. h4 Nd7 19. Qc2 Qe5 20. f4 Qxe3+ 21. Kg2
Qb6 22. Ne4 Bb4 23. Rad1 Qc7 24. Qc4 a5 25. Qd4 Nb6 26. f5 Nd5 27. f6 Nf4+ 28.
Rxf4 Qxf4 29. fxg7 Qc7 30. gxf8=Q+ Kxf8 31. Qh8+ Ke7 32. Qe5+ Qxe5 33. Bxe5 Ke6
34. Bf6 Nxf6 35. Nxf6 Rh8 36. Kh3 Be7 37. Bg4+ Ke5 38. Nd7+ Kf4 39. Rf1+ Ke3
40. Re1+ 1-0

[Event "ZMDI-Open 2013"]
[Site "Dresden"]
[Date "2013.08.13"]
[Round "4"]
[White "Mittelstaedt, E."]
[Black "Grube, K."]
[Result "1-0"]
[WhiteElo "1683"]
[BlackElo "1602"]
[PlyCount "79"]
[EventDate "2013.??.??"]

1. d4 Nf6 2. Nf3 d5 3. c3 e6 4. Bg5 Be7 5. Nbd2 h6 6. Bxf6 Bxf6 7. e4 dxe4 8.
Nxe4 Be7 9. Bd3 Nd7 10. Qe2 c6 11. Ned2 Nf6 12. Ne5 O-O 13. O-O c5 14. dxc5
Bxc5 15. Rad1 Qc7 16. Ng4 Qf4 17. Nxf6+ Qxf6 18. Ne4 Qe7 19. Nxc5 Qxc5 20. Qe4
f5 21. Qc4 Qb6 22. Qb5 Qxb5 23. Bxb5 a6 24. Bc4 b5 25. Bb3 Ra7 26. Rd6 Re8 27.
Rfd1 Rae7 28. a4 Bb7 29. axb5 Bd5 30. c4 axb5 31. cxd5 exd5 32. Bxd5+ Kf8 33.
Kf1 Re2 34. b3 R8e5 35. Rb6 h5 36. Rxb5 g5 37. Rb7 h4 38. Bc4 R2e4 39. Rd8+ Re8
40. Rf7+ 1-0

[Event "ZMDI-Open 2013"]
[Site "Dresden"]
[Date "2013.08.13"]
[Round "4"]
[White "Fahland, M."]
[Black "Smagulov, A."]
[Result "1/2-1/2"]
[WhiteElo "1414"]
[BlackElo "1802"]
[PlyCount "63"]
[EventDate "2013.??.??"]

1. d4 d5 2. c4 c6 3. Nc3 Nf6 4. Bg5 e6 5. e3 Be7 6. Nf3 O-O 7. Qc2 Nh5 8. Bxe7
Qxe7 9. cxd5 exd5 10. Bd3 f5 11. Ne5 Qg5 12. g3 Nd7 13. h4 Qf6 14. Nf3 g6 15.
O-O-O b5 16. Kb1 Bb7 17. Ne2 a6 18. Nf4 Ng7 19. Rdg1 Rac8 20. g4 c5 21. g5 Qd6
22. dxc5 Rxc5 23. Qd2 Ne5 24. Nxe5 Qxe5 25. Rc1 Rfc8 26. Rxc5 Rxc5 27. Rc1 d4
28. exd4 Rxc1+ 29. Kxc1 Qxd4 30. Bc2 Qxd2+ 31. Kxd2 Kf7 32. Ke3 1/2-1/2

[Event "ZMDI-Open 2013"]
[Site "Dresden"]
[Date "2013.08.13"]
[Round "4"]
[White "Schießl, W."]
[Black "Jahn, D."]
[Result "0-1"]
[WhiteElo "1842"]
[BlackElo "1816"]
[PlyCount "88"]
[EventDate "2013.??.??"]

1. d4 c5 2. c4 cxd4 3. Qxd4 Nc6 4. Qe4 Nf6 5. Qc2 e6 6. Nf3 Bb4+ 7. Bd2 Bxd2+
8. Nbxd2 O-O 9. e3 b6 10. a3 Bb7 11. Bd3 h6 12. b4 Qc7 13. h4 Ne5 14. Nxe5 Qxe5
15. O-O-O Rac8 16. Kb1 Rc7 17. Qb3 Bxg2 18. f4 Qh5 19. Rhg1 Bf3 20. Nxf3 Qxf3
21. Qc3 Kh8 22. Bc2 Rg8 23. Rd2 Ne4 24. Bxe4 Qxe4+ 25. Qd3 Qb7 26. Rdg2 Qc8 27.
Rc2 f6 28. e4 a5 29. Rgc1 axb4 30. axb4 Rd8 31. Qe3 Qb7 32. Ra2 Ra8 33. Rcc2
Rxa2 34. Kxa2 Qa8+ 35. Kb1 Ra7 36. Qd4 Ra4 37. c5 bxc5 38. Rxc5 Qb7 39. Rc4 d5
40. exd5 exd5 41. Rc2 Rxb4+ 42. Rb2 Rxb2+ 43. Qxb2 Qxb2+ 44. Kxb2 g5 0-1

[Event "ZMDI-Open 2013"]
[Site "Dresden"]
[Date "2013.08.13"]
[Round "4"]
[White "Schießl, H."]
[Black "Kluge, H."]
[Result "1/2-1/2"]
[WhiteElo "1749"]
[BlackElo "1680"]
[PlyCount "60"]
[EventDate "2013.??.??"]

1. e4 d6 2. d4 Nf6 3. Bd3 g6 4. c4 Bg7 5. Nf3 O-O 6. O-O Nbd7 7. Nc3 Re8 8. h3
e5 9. dxe5 dxe5 10. Be3 c6 11. Qd2 Nf8 12. Rad1 Qc7 13. Bc2 Nh5 14. Ne2 Be6 15.
b3 Rad8 16. Qb4 b6 17. Qa3 h6 18. Rd3 Rxd3 19. Bxd3 g5 20. g4 Rd8 21. Rd1 Nf4
22. Nxf4 gxf4 23. Bc1 Ng6 24. Bc2 Rxd1+ 25. Bxd1 Qd7 26. Be2 Bf8 27. Qb2 Bg7
28. Bd2 f6 29. Bc3 Kf7 30. Qd2 Ke7 1/2-1/2

[Event "ZMDI-Open 2013"]
[Site "Dresden"]
[Date "2013.08.13"]
[Round "4"]
[White "Ott, H."]
[Black "Köpke, P."]
[Result "1/2-1/2"]
[WhiteElo "1674"]
[BlackElo "1341"]
[PlyCount "33"]
[EventDate "2013.??.??"]

1. e4 e6 2. d4 d5 3. exd5 exd5 4. Bd3 Be6 5. Ne2 Nf6 6. h3 Bd6 7. Bg5 Nbd7 8.
Nd2 h6 9. Bh4 Nf8 10. Bg3 c6 11. c3 Qc7 12. Qc2 Nh5 13. Bxd6 Qxd6 14. Nf3 Nf4
15. Nxf4 Qxf4 16. Qd2 Qxd2+ 17. Kxd2 1/2-1/2

[Event "ZMDI-Open 2013"]
[Site "Dresden"]
[Date "2013.08.13"]
[Round "4"]
[White "Förster, J."]
[Black "Hofmann, F."]
[Result "1-0"]
[WhiteElo "1761"]
[BlackElo "1077"]
[PlyCount "99"]
[EventDate "2013.??.??"]

1. d4 Nf6 2. c4 c5 3. d5 b5 4. cxb5 a6 5. bxa6 Bxa6 6. Nc3 g6 7. Nf3 Bg7 8. Nd2
O-O 9. e4 Bxf1 10. Nxf1 e6 11. dxe6 fxe6 12. Be3 Qa5 13. Bd2 Qb6 14. Qc2 Ng4
15. f3 Nf6 16. Ne3 Qc6 17. O-O d5 18. exd5 exd5 19. Ne2 Nbd7 20. a3 Rae8 21.
Rfe1 Qd6 22. Rad1 Qe5 23. b4 cxb4 24. axb4 Qd6 25. Qb3 Kh8 26. Nc2 Qa6 27. Ned4
Qd6 28. Bc1 Rxe1+ 29. Nxe1 Nb6 30. Be3 Rd8 31. Ne2 Qe6 32. Nd4 Qe8 33. Bf2 Nh5
34. Nd3 Nc4 35. Re1 Qd7 36. Nc5 Qf7 37. Nce6 Re8 38. Nxg7 Rxe1+ 39. Bxe1 Qxg7
40. Bf2 Qa7 41. Nc2 Qf7 42. Qa2 Qf4 43. Bd4+ Nf6 44. Qa1 Kg7 45. Bxf6+ Qxf6 46.
Qxf6+ Kxf6 47. Kf2 Ke5 48. Ke2 g5 49. Ne3 Nxe3 50. Kxe3 1-0

[Event "ZMDI-Open 2013"]
[Site "Dresden"]
[Date "2013.08.13"]
[Round "4"]
[White "Gerling, L."]
[Black "Bui, N."]
[Result "1-0"]
[WhiteElo "1783"]
[BlackElo "1417"]
[PlyCount "107"]
[EventDate "2013.??.??"]

1. d4 d5 2. c4 e6 3. Nf3 Nf6 4. e3 c6 5. Bd3 Nbd7 6. O-O Bd6 7. c5 Bc7 8. Nbd2
O-O 9. b4 a6 10. Bb2 Re8 11. Ne5 Nxe5 12. dxe5 Nd7 13. f4 f6 14. Qh5 f5 15. g4
Nf8 16. gxf5 exf5 17. Kf2 g6 18. Rg1 Be6 19. Nf3 Kh8 20. Qh6 Qd7 21. Ng5 Qg7
22. Qxg7+ Kxg7 23. Nxe6+ Nxe6 24. Bxf5 Kf7 25. Bxe6+ Kxe6 26. Kf3 Rf8 27. Rg4
Rae8 28. Rag1 Kd7 29. Ke2 a5 30. a3 axb4 31. axb4 b6 32. Ra1 bxc5 33. bxc5 Ra8
34. Rgg1 Ke6 35. Kd3 Rab8 36. Kc2 Rb7 37. Bd4 Bd8 38. Ra6 Rc7 39. Kd3 Rff7 40.
Bc3 Be7 41. Bd4 Bf8 42. Rb1 Kd7 43. Rbb6 Re7 44. e4 dxe4+ 45. Kxe4 Bh6 46. h3
Re6 47. f5 gxf5+ 48. Kxf5 Bg7 49. Ra8 Re8 50. e6+ Ke7 51. Rxe8+ Kxe8 52. Rb8+
Ke7 53. Bxg7 h6 54. Bf8# 1-0

[Event "ZMDI-Open 2013"]
[Site "Dresden"]
[Date "2013.08.13"]
[Round "4"]
[White "Sorge, D."]
[Black "Briesemeister, K."]
[Result "1/2-1/2"]
[WhiteElo "1437"]
[BlackElo "1800"]
[PlyCount "46"]
[EventDate "2013.??.??"]

1. c4 f5 2. g3 Nf6 3. Bg2 d6 4. d4 c6 5. Nc3 Nbd7 6. Nh3 e6 7. Nf4 Qe7 8. O-O
e5 9. dxe5 dxe5 10. Nd3 Nc5 11. Bg5 h6 12. Bxf6 Qxf6 13. e4 Nxd3 14. Qxd3 Be6
15. exf5 Rd8 16. Qe2 Bxf5 17. Ne4 Bxe4 18. Bxe4 Bc5 19. Kg2 O-O 20. f3 Bb4 21.
Rad1 Bc5 22. a3 Bd4 23. Rd3 Rfe8 1/2-1/2

[Event "ZMDI-Open 2013"]
[Site "Dresden"]
[Date "2013.08.13"]
[Round "4"]
[White "Laskow, V."]
[Black "Ast, E."]
[Result "1-0"]
[WhiteElo "1472"]
[BlackElo "1789"]
[PlyCount "35"]
[EventDate "2013.??.??"]

1. d4 d5 2. c4 c6 3. Nf3 Nf6 4. Bf4 e6 5. e3 Be7 6. Nc3 O-O 7. Bd3 Nbd7 8. O-O
Re8 9. Rc1 dxc4 10. Bxc4 Nb6 11. Bd3 Nbd5 12. Bg3 h6 13. e4 Nxc3 14. bxc3 Nh5
15. Qe2 Nxg3 16. hxg3 c5 17. e5 b6 18. Qe4 1-0